Content to commerce : engaging consumers across paid, owned and earned channels
Gardado en:
| Autor Principal: | |
|---|---|
| Formato: | Sách |
| Idioma: | Undetermined |
| Publicado: |
John Wiley & Sons
2011
|
| Những chủ đề: | |
| Các nhãn: |
Engadir etiqueta
Sen Etiquetas, Sexa o primeiro en etiquetar este rexistro!
|
| Thư viện lưu trữ: | Trung tâm Thư viện - Trường Đại học Công nghiệp TP. Hồ Chí Minh |
|---|
| LEADER | 00555nam a2200157Ia 4500 | ||
|---|---|---|---|
| 001 | UIH_04427 | ||
| 008 | 231011s9999 xx 000 0 und d | ||
| 082 | |a 658.872 | ||
| 100 | |a Savar, Avi | ||
| 245 | 0 | |a Content to commerce : engaging consumers across paid, owned and earned channels | |
| 245 | 0 | |c Savar, Avi | |
| 260 | |b John Wiley & Sons | ||
| 260 | |c 2011 | ||
| 650 | |a Tiếp thị qua internet; Tiếp thị xã hội; | ||
| 927 | |a Sách | ||
| 980 | |a Trung tâm Thư viện - Trường Đại học Công nghiệp TP. Hồ Chí Minh | ||